Global liquidity and asset prices measurement, implications, and spillovers

Guardado en:
Detalles Bibliográficos
Autor principal: Baks, Klaas
Otros Autores: Kramer, Charles F.
Formato: Libro
Lenguaje:inglés
Publicado: Washington International Monetary Fund 1999
Colección:IMF Working Paper WP/99/168
Materias:
Etiquetas: Agregar Etiqueta
Sin Etiquetas, Sea el primero en etiquetar este registro!

MARC

LEADER 00000nam a2200000 4500
001 c123953
005 20221221082512.6
041 0 |a eng 
044 |a US 
245 1 0 |a Global liquidity and asset prices  |b measurement, implications, and spillovers 
264 1 |a Washington  |b International Monetary Fund  |c 1999 
300 |a 33 s. 
490 1 |a IMF Working Paper  |v WP/99/168 
830 0 |a IMF Working Paper  |v WP/99/168 
610 2 0 |a likvidita 
610 2 0 |a aktíva 
610 2 0 |a ceny 
100 1 |a Baks, Klaas 
700 1 |a Kramer, Charles F.